| 000 | 01319cab a22002535a 4500 | ||
|---|---|---|---|
| 001 | L137955 | ||
| 008 | 070509e20070504xxk f g 000 0 eng d | ||
| 035 | _a(Sirsi) u137955 | ||
| 041 | 0 | _aeng | |
| 100 | 1 | _aDavey, Francis | |
| 245 | 0 | 0 | _aShort changed? |
| 260 | _c2007 | ||
| 490 |
_aNew Law Journal _v157(7271) 4 May 2007, 622-623(2) |
||
| 520 | _aConsiders whether landlords can recover court costs from defaulting tenants. Reports that the tenancy agreement should contain a clause for this to be the case. The sum recoverable is limited to £276.75, regardless of any explicit clauses to the contrary. Also covers the basis for taxation of a landlord's costs. Notes that settled law has yet to cover the requirement for landlords to consult with tenants prior to taking action. Refers to case law, particularly "Church Commissioners for England V Ibrahim and Another" (CA, ABS56506). | ||
| 590 | _aKA | ||
| 650 | 2 | 4 | _aCHURCH COMMISSIONERS FOR ENGLAND V IBRAHIM AND ANOTHER |
| 650 | 2 | 4 | _aGOMBA HOLDINGS (UK) LTD V MINORIES FINANCE LTD (NO 2) |
| 650 | 2 | 4 | _aSUPREME COURT ACT 1981 S51 |
| 650 | 2 | 4 | _aLANDLORD AND TENANT ACT 1985 S18 |
| 650 | 2 | 4 | _aLANDLORD AND TENANT ACT 1985 S20 |
| 651 | 4 |
_aEngland and Wales _y1543- |
|
| 690 | _aPROPERTY-LANDLORD AND TENANT-TENANCIES-BREACHING TENANCIES | ||
| 942 | _n0 | ||
| 999 |
_c78751 _d78751 |
||